000 00248nam a2200097Ia 4500
001 1007119
005 20250826230559.0
008 250824s9999 xx 000 0 und d
245 0 _aDOMBİLLİ VE NİNE
_cJUDİTH KERR
260 _bHEP KİTAP YAYINLARI
999 _c1007119
_d1007119